000 00688nam a2200229Ia 4500
008 191130s2006##################000#0#eng##
020 _a9780415478069
040 _aACL
_cACL
082 _a333.3383 SMI
245 _aThe microstructures of housing markets
_cedited by Susan J. Smith and Moira Munro
260 _aNew York
_bRoutledge
_c2006
300 _a210 p. : ill., maps ; 26 cm.
500 _aIncludes bibliographical references and index
650 _aHome ownership
650 _aHouse buying
650 _aHousing -- Finance
700 _aMunro, Moira
700 _aSmith, Susan J
990 _a8a22ab75ac10000c5fb8372bb881a239
991 _a198809
999 _c59038
_d59038